000
00256nam a22001217a 4500
003
SGT
082
_a
611
_b
S18S
100
_a
SINGH, HARVINDER
245
_a
SEXUAL DIONPHISUM IN HUMAN
260
_a
SGTU
_c
2018
650
_a
HUMAN ANATOMY
942
_2
ddc
_c
TH
999
_c
20535
_d
20535